000 00703nam a2200217Ii 4500
003 JO-AjNU
008 230605s9999||||xx |||||||||||||| ||und||
017 _a1991/2028
020 _a977-01-2670-5
040 _aJO-AjNU
_bara
_erda
_cJO-AjNU
041 _aara
050 1 4 _aNA380.K2534 1982
100 3 _aسامح،كمال الدين تأليف,
_eauthor
_918420
245 0 0 _aالعمارة في صدر الاسلام
264 3 1 _aمصر: الهيئه المصرية العامة للكتاب،1991
300 _a189ص
336 _atext
_btxt
_2rdacontent
337 _aunmediated
_bn
_2rdamedia
338 _avolume
_bnc
_2rdacarrier
650 4 _aهندسة معمارية إسلامية
_918421
999 _aA5888
_c9456
_d9456